La sonora armonía : (Registro nro. 12653)

Detalles MARC
000 -LIDER
fixed length control field 00991nam a22002537a 4500
003 - IDENTIFICACDOR DE NÚMERO DE CONTROL
control field DO-SdBNP
005 - DATE AND TIME OF LATEST TRANSACTION
control field 20220707074111.0
008 - ELEMENTOS DE LONGITUD FIJA
fixed length control field 171020b 2016 dr 00| 0 spa d
020 ## - ISBN
International Standard Book Number 9789945492804
040 ## - FUENTE DE CATALOGACIÓN
Agencia que crea de manera original el registro BPMSU
Idioma de catalogación spa
Agencia que realiza la transcripción BPMSU
082 ## - NÚMERO DE CLASIFICACIÓN DECIMAL DE DEWEY
Classification number RD861.08
Item number V443s 2016
Edition number 22
100 1# - ASIENTO PRINCIPAL -- NOMBRE PERSONAL
Nombre personal Veloz Maggiolo, Marcio
Fechas asociadas con el nombre 1936-2021
245 13 - MENCIÓN DE TITULO
Título La sonora armonía :
Subtítulo poesía reunida /
Mención de responsabilidad Marcio Veloz Maggiolo
260 ## - PUBLICACIÓN, DISTRIBUCIÓN, ETC. (PIE DE IMPRENTA)
Lugar de publicación, distribución, etc Santo Domingo :
Nombre del editor, distribuidor, etc. Editora Nacional,
Fecha de publicación, distribución, etc 2016
300 ## - DESCRIPCIÓN FÍSICA
Extensión 549 p. ;
Dimensiones 23 cm.
500 ## - NOTA GENERAL
Nota general Incluye datos biográficos del autor en la solapa de la cubierta
505 0# - NOTA DE CONTENIDO
Campo enlazado y núm. de secuencia La sonora armonía -- Poesía reunida -- El sol y las cosas -- Intus -- La palabra reunida -- Poemas en ciernes -- Retorno a la palabra -- Las armonías privadas -- Soy el vacío -- Historias del corazón -- Poemas adánicos.
590 ## - NOTA LOCAL
Enlace Inventariado, 2021/VM
648 ## - SUBJECT ADDED ENTRY--CHRONOLOGICAL TERM
Chronological term
650 #4 - ENCABEZAMIENTO DE MATERIA--TEMÁTICO
Término temático o nombre geográfico como elemento de entrada Poesía dominicana
Subdivisión de forma Colecciones
650 #4 - ENCABEZAMIENTO DE MATERIA--TEMÁTICO
Término temático o nombre geográfico como elemento de entrada Literatura dominicana
910 ## - VALIDACIÓN
Validación VMateo
942 ## - ADDED ENTRY ELEMENTS (KOHA)
Source of classification or shelving scheme Dewey Decimal Classification
Koha item type Libros
Existencias
Withdrawn status Lost status Source of classification or shelving scheme Damaged status Not for loan Collection code Home library Current library Date acquired Source of acquisition Total Checkouts Full call number Barcode Date last seen Price effective from Koha item type Copy number
    Dewey Decimal Classification     Colección Dominicana Biblioteca Pública Metropolitana Salomé Ureña Biblioteca Pública Metropolitana Salomé Ureña 10/20/2017 Editora Nacional   BPMSU CD RD861.08 V443s 2016 BPMSU17100094 10/20/2017 10/20/2017 Libros  
    Dewey Decimal Classification     Colección Dominicana Biblioteca Pública Metropolitana Salomé Ureña Biblioteca Pública Metropolitana Salomé Ureña 10/20/2017 Editora Nacional   BPMSU CD RD861.08 V443s 2016 BPMSU17100095 10/20/2017 10/20/2017 Libros e. 2